[Event "Sparkassen-Open A"]
[Site "Heusenstamm, Martinsee"]
[Date "2023.11.26"]
[Round "6.14"]
[White "Haack, Kevin"]
[Black "Bardorz, Jana"]
[Result "1-0"]
[WhiteElo "2302"]
[BlackElo "2050"]
[PlyCount "95"]
[EventDate "2023.??.??"]
[WhiteTeam "SV 1920 Hofheim"]
[BlackTeam "TSV 1869 e. V. Rottendorf"]

1. e4 e5 2. Nf3 {[%emt 0:00:04]} Nc6 3. Bb5 a6 4. Ba4 Nf6 5. O-O Be7 6. Re1 {[%emt 0:00:12]} b5 7. Bb3 d6 8. c3 O-O 9. h3 Nb8 10. d4 {[%emt 0:00:11]} Nbd7 11. c4 Bb7 {[%emt 0:00:27]} 12. Nc3 b4 {[%emt 0:04:52]} 13. Nd5 {[%emt 0:02:12]} Nxd5 {[%emt 0:00:49]} 14. exd5 {[%emt 0:02:59]} Bf6 {[%emt 0:06:03]} 15. Be3 {[%emt 0:13:27]} c6 {[%emt 0:08:33]} 16. dxc6 {[%emt 0:14:45]} Bxc6 {[%emt 0:00:41]} 17. d5 Bb7 {[%emt 0:00:03]} 18. Bc2 {[%emt 0:01:31]} g6 {[%emt 0:07:01]} 19. Qd2 {[%emt 0:01:34]} a5 {[%emt 0:02:12]} 20. a3 {[%emt 0:00:59]} b3 {[%emt 0:04:26]} 21. Bxb3 {[%emt 0:01:07]} a4 {[%emt 0:03:18]} 22. Bd1 {[%emt 0:04:57]} Qc7 {[%emt 0:01:29]} 23. Rc1 {[%emt 0:03:31]} Nc5 {[%emt 0:00:07]} 24. Ng5 {[%emt 0:10:16]} Bxg5 {[%emt 0:06:32]} 25. Bxg5 {[%emt 0:00:13]} f5 {[%emt 0:00:21]} 26. Bc2 {[%emt 0:04:08]} Bc8 {[%emt 0:05:29]} 27. g3 {[%emt 0:01:37]} Bd7 {[%emt 0:05:31]} 28. h4 {[%emt 0:01:28]} Rab8 {[%emt 0:00:44]} 29. Bh6 {[%emt 0:01:57]} Rfe8 {[%emt 0:01:27]} 30. Qc3 {[%emt 0:07:24]} Bc8 {[%emt 0:13:16]} 31. h5 {[%emt 0:02:55]} Nb3 {[%emt 0:04:34]} 32. Bxb3 {[%emt 0:01:43]} Rxb3 {[%emt 0:00:17]} 33. Qd2 {[%emt 0:00:13]} Qb6 {[%emt 0:01:11]} 34. Be3 {[%emt 0:06:47]} Qb7 {[%emt 0:00:07]} 35. Bd4 {[%emt 0:01:53]} Rf8 {[%emt 0:04:40]} 36. Bc3 {[%emt 0:00:53]} f4 {[%emt 0:01:06]} 37. c5 {[%emt 0:03:07]} Qd7 {[%emt 0:01:49]} 38. hxg6 {[%emt 0:02:58]} Qh3 {[%emt 0:05:38]} 39. Qd3 {[%emt 0:02:57]} Ba6 {[%emt 0:02:36]} 40. Qf3 {[%emt 0:06:20]} Rb7 {[%emt 0:01:16]} 41. cxd6 {[%emt 0:04:11]} Rg7 {[%emt 0:04:58]} 42. Qg2 {[%emt 0:04:59]} Qh6 {[%emt 0:01:23]} 43. Bxe5 {[%emt 0:04:22]} Rxg6 {[%emt 0:01:30]} 44. d7 {[%emt 0:02:14]} Qg5 {[%emt 0:02:55]} 45. Bxf4 {[%emt 0:04:53]} Rxf4 {[%emt 0:02:12]} 46. Re8+ {[%emt 0:00:46]} Rf8 {[%emt 0:00:26]} 47. Rxf8+ {[%emt 0:00:47]} Kxf8 48. Rc8+ 1-0

[Event "Sparkassen-Open A"]
[Site "Heusenstamm, Martinsee"]
[Date "2023.11.26"]
[Round "6.15"]
[White "Villwock, Martin"]
[Black "Eilers, Stefan"]
[Result "1-0"]
[WhiteElo "2073"]
[BlackElo "2300"]
[PlyCount "161"]
[EventDate "2023.??.??"]
[WhiteTeam "SF Essen-Katernberg 0"]
[BlackTeam "SAbt SG 1945 Dietzenbach"]

1. e4 {[%emt 0:00:47]} Nc6 2. Nc3 e5 3. Bc4 Nf6 4. d3 Na5 5. Nf3 Nxc4 6. dxc4 d6 7. h3 Be7 8. Be3 O-O 9. Qe2 c6 {[%emt 0:01:46]} 10. O-O-O {[%emt 0:01:20]} Qa5 {[%emt 0:02:58]} 11. g4 {[%emt 0:07:32]} a6 {[%emt 0:01:00]} 12. Nd2 {[%emt 0:03:28]} b5 {[%emt 0:02:24]} 13. Nb3 {[%emt 0:03:16]} Qb4 {[%emt 0:10:54]} 14. a3 {[%emt 0:05:41]} Qxc4 {[%emt 0:05:49]} 15. Qxc4 bxc4 {[%emt 0:00:09]} 16. Na5 {[%emt 0:00:57]} Bd7 {[%emt 0:01:18]} 17. Nxc4 {[%emt 0:02:03]} Ne8 {[%emt 0:08:26]} 18. Nxe5 {[%emt 0:04:01]} dxe5 {[%emt 0:03:26]} 19. Rxd7 {[%emt 0:00:48]} Bh4 {[%emt 0:00:41]} 20. Rhd1 {[%emt 0:02:32]} Nf6 {[%emt 0:00:22]} 21. R7d6 {[%emt 0:00:54]} Rac8 {[%emt 0:00:37]} 22. f3 {[%emt 0:01:54]} h6 {[%emt 0:01:16]} 23. Na4 {[%emt 0:00:33]} Nh7 {[%emt 0:00:49]} 24. Nb6 {[%emt 0:03:10]} Rc7 {[%emt 0:00:49]} 25. Nc4 {[%emt 0:01:24]} Re8 {[%emt 0:00:41]} 26. Kb1 {[%emt 0:01:39]} Nf8 {[%emt 0:01:18]} 27. Na5 {[%emt 0:01:32]} Re6 {[%emt 0:02:50]} 28. Bc5 {[%emt 0:04:09]} Rc8 {[%emt 0:04:31]} 29. R1d3 {[%emt 0:02:09]} Bf6 {[%emt 0:02:38]} 30. Be3 {[%emt 0:03:30]} Be7 {[%emt 0:11:45]} 31. Rxe6 {[%emt 0:01:08]} Nxe6 32. Rd7 {[%emt 0:00:54]} Bg5 {[%emt 0:01:05]} 33. Bf2 {[%emt 0:00:48]} Bd8 {[%emt 0:04:22]} 34. Nb7 {[%emt 0:02:29]} Bc7 {[%emt 0:00:33]} 35. Be3 {[%emt 0:01:37]} Kf8 {[%emt 0:01:27]} 36. Bc5+ {[%emt 0:06:41]} Nxc5 {[%emt 0:03:59]} 37. Nxc5 {[%emt 0:00:19]} Ke8 {[%emt 0:00:09]} 38. Rd3 {[%emt 0:01:28]} a5 {[%emt 0:00:51]} 39. c3 {[%emt 0:01:03]} Ke7 {[%emt 0:06:24]} 40. Kc2 {[%emt 0:03:17]} Bd6 {[%emt 0:00:45]} 41. Nb7 {[%emt 0:00:44]} Bc7 {[%emt 0:00:39]} 42. b4 {[%emt 0:03:25]} axb4 {[%emt 0:01:02]} 43. cxb4 {[%emt 0:00:10]} Rb8 {[%emt 0:03:00]} 44. Nc5 {[%emt 0:00:39]} Bd6 {[%emt 0:00:21]} 45. Nb3 {[%emt 0:02:20]} Ra8 {[%emt 0:08:47]} 46. Na5 {[%emt 0:02:47]} Rc8 {[%emt 0:01:53]} 47. Nc4 {[%emt 0:07:40]} Bc7 {[%emt 0:00:48]} 48. Ne3 {[%emt 0:03:51]} g6 {[%emt 0:00:22]} 49. Kc3 {[%emt 0:00:18]} Bb6 {[%emt 0:01:54]} 50. Nc4 {[%emt 0:00:58]} Bd4+ {[%emt 0:00:59]} 51. Kb3 {[%emt 0:02:48]} Ra8 {[%emt 0:03:55]} 52. Na5 {[%emt 0:07:16]} Kd7 {[%emt 0:04:50]} 53. Nc4 {[%emt 0:02:12]} Ke6 {[%emt 0:16:07]} 54. f4 {[%emt 0:00:54]} Ra7 {[%emt 0:01:27]} 55. f5+ {[%emt 0:04:15]} gxf5 {[%emt 0:01:06]} 56. gxf5+ Kf6 {[%emt 0:00:21]} 57. Rg3 {[%emt 0:01:21]} Ra8 {[%emt 0:00:38]} 58. Rg2 {[%emt 0:07:10]} h5 {[%emt 0:02:44]} 59. h4 {[%emt 0:01:57]} Rd8 {[%emt 0:01:32]} 60. Na5 {[%emt 0:00:48]} Bb6 {[%emt 0:01:58]} 61. Nxc6 {[%emt 0:01:24]} Rd3+ {[%emt 0:00:15]} 62. Ka4 {[%emt 0:00:57]} Re3 {[%emt 0:00:04]} 63. Kb5 {[%emt 0:00:52]} Bc7 {[%emt 0:01:56]} 64. Rd2 {[%emt 0:01:29]} Rxa3 {[%emt 0:02:11]} 65. Rd7 {[%emt 0:00:24]} Re3 66. Rxc7 Rxe4 {[%emt 0:00:11]} 67. Nd8 {[%emt 0:00:45]} Kxf5 {[%emt 0:00:57]} 68. Rxf7+ {[%emt 0:00:09]} Kg4 {[%emt 0:00:16]} 69. Nc6 {[%emt 0:00:46]} Re1 {[%emt 0:01:07]} 70. Re7 {[%emt 0:00:49]} e4 {[%emt 0:02:11]} 71. Ne5+ {[%emt 0:00:13]} Kxh4 {[%emt 0:00:39]} 72. Nf3+ {[%emt 0:00:21]} exf3 {[%emt 0:00:12]} 73. Rxe1 {[%emt 0:00:03]} f2 {[%emt 0:00:04]} 74. Ra1 {[%emt 0:02:13]} Kg3 {[%emt 0:00:12]} 75. Kc4 {[%emt 0:00:28]} Kg2 76. b5 {[%emt 0:00:07]} f1=Q+ {[%emt 0:00:15]} 77. Rxf1 Kxf1 {[%emt 0:00:10]} 78. b6 {[%emt 0:00:12]} h4 79. b7 {[%emt 0:00:07]} h3 {[%emt 0:00:26]} 80. b8=Q {[%emt 0:00:21]} Kg2 81. Qb2+ {[%emt 0:01:29]} 1-0

[Event "Sparkassen-Open A"]
[Site "Heusenstamm, Martinsee"]
[Date "2023.11.26"]
[Round "6.16"]
[White "Burkart, Lloyd Shang"]
[Black "Chassard, Cedric"]
[Result "0-1"]
[WhiteElo "2094"]
[BlackElo "2297"]
[PlyCount "90"]
[EventDate "2023.??.??"]
[WhiteTeam "SV 1920 Hofheim"]
[BlackTeam "SC Caissa Schwarzenbach"]

1. d4 Nf6 2. c4 g6 3. Nc3 Bg7 4. Nf3 O-O 5. e3 d6 6. Be2 Nbd7 7. O-O e5 8. a3 {[%emt 0:02:15]} Re8 {[%emt 0:01:30]} 9. b4 {[%emt 0:03:42]} e4 {[%emt 0:06:33]} 10. Nd2 {[%emt 0:00:47]} Nf8 {[%emt 0:02:29]} 11. Bb2 {[%emt 0:03:28]} h5 {[%emt 0:01:19]} 12. Rc1 {[%emt 0:07:37]} Bf5 {[%emt 0:00:40]} 13. Qb3 {[%emt 0:16:14]} N8h7 {[%emt 0:05:14]} 14. d5 {[%emt 0:00:43]} a6 {[%emt 0:13:59]} 15. c5 {[%emt 0:05:10]} h4 {[%emt 0:21:02]} 16. cxd6 {[%emt 0:03:41]} Qxd6 {[%emt 0:00:21]} 17. Nc4 {[%emt 0:02:00]} Qd7 {[%emt 0:01:30]} 18. Rfd1 {[%emt 0:06:52]} Bg4 {[%emt 0:01:42]} 19. Na5 {[%emt 0:11:51]} Ng5 {[%emt 0:09:02]} 20. Kf1 {[%emt 0:14:55]} h3 21. gxh3 Bxe2+ 22. Kxe2 Qxh3 23. Kd2 {[%emt 0:05:10]} Qxh2 {[%emt 0:00:43]} 24. Rf1 {[%emt 0:04:03]} Ng4 {[%emt 0:00:49]} 25. Qd1 {[%emt 0:00:09]} Nf3+ {[%emt 0:00:15]} 26. Ke2 {[%emt 0:00:25]} Qg2 {[%emt 0:01:43]} 27. Nxb7 {[%emt 0:00:59]} Nfh2 {[%emt 0:01:36]} 28. Nc5 {[%emt 0:00:46]} Qf3+ {[%emt 0:02:28]} 29. Ke1 Qh3 {[%emt 0:02:26]} 30. Ke2 {[%emt 0:01:18]} Nxf1 {[%emt 0:00:47]} 31. Qxf1 {[%emt 0:00:05]} Qf3+ {[%emt 0:00:20]} 32. Ke1 {[%emt 0:00:19]} Bf6 {[%emt 0:03:19]} 33. Nd1 {[%emt 0:00:56]} Bxb2 {[%emt 0:01:33]} 34. Nxb2 Rad8 {[%emt 0:00:23]} 35. Qe2 {[%emt 0:04:27]} Qf5 {[%emt 0:01:47]} 36. Nxa6 {[%emt 0:01:22]} Re7 {[%emt 0:03:13]} 37. Nxc7 {[%emt 0:01:14]} Ne5 {[%emt 0:00:49]} 38. b5 {[%emt 0:00:47]} Nf3+ {[%emt 0:01:46]} 39. Kd1 Qf6 40. Rc2 {[%emt 0:01:18]} Qd6 {[%emt 0:01:17]} 41. Qc4 {[%emt 0:27:25]} Rc8 {[%emt 0:01:13]} 42. Qc6 {[%emt 0:00:09]} Qh2 {[%emt 0:00:12]} 43. Kc1 {[%emt 0:00:42]} Rexc7 {[%emt 0:00:18]} 44. b6 {[%emt 0:00:38]} Rxc6 {[%emt 0:00:58]} 45. dxc6 {[%emt 0:00:10]} Qd6 {[%emt 0:01:11]} 0-1

[Event "Sparkassen-Open A"]
[Site "Heusenstamm, Martinsee"]
[Date "2023.11.26"]
[Round "6.17"]
[White "Akhmatovski, Maxim"]
[Black "Neukirchner, Pascal"]
[Result "1/2-1/2"]
[WhiteElo "2070"]
[BlackElo "2286"]
[PlyCount "84"]
[EventDate "2023.??.??"]
[WhiteTeam "SV Oberursel"]
[BlackTeam "SK Gründau"]

1. d4 Nf6 2. c4 c5 3. d5 b5 4. cxb5 a6 5. e3 e6 6. Nc3 exd5 7. Nxd5 Bb7 8. Nxf6+ Qxf6 9. Nf3 Be7 10. Be2 axb5 11. Bxb5 Bc6 12. Bxc6 Nxc6 13. O-O Ra7 14. a3 O-O 15. Rb1 Rb8 16. b4 Qf5 17. Rb3 Rab7 18. Qe2 Bf6 19. Rd3 cxb4 20. axb4 Nxb4 21. Rd2 Bc3 22. Rdd1 Nc6 23. Rd3 Bf6 24. Ba3 d5 25. Rfd1 Rb1 26. h3 h6 27. Rxb1 Rxb1+ 28. Rd1 Rb3 29. Bc5 Rb2 30. Rd2 Qb1+ 31. Qd1 Qe4 32. Rxb2 Bxb2 33. Bd4 Bxd4 34. Nxd4 Nxd4 35. Qxd4 Qxd4 36. exd4 Kh7 37. Kh2 Kg6 38. Kg3 Kf5 39. Kf3 h5 40. Ke3 g5 41. g3 Ke6 42. g4 hxg4 1/2-1/2

[Event "Sparkassen-Open A"]
[Site "Heusenstamm, Martinsee"]
[Date "2023.11.26"]
[Round "6.18"]
[White "von Auer, Ulrich"]
[Black "Spriestersbach, Kai"]
[Result "0-1"]
[WhiteElo "1937"]
[BlackElo "2263"]
[PlyCount "58"]
[EventDate "2023.??.??"]
[WhiteTeam "SV Oberursel"]
[BlackTeam "SV Erkenschwick 1923 e"]

1. d4 Nf6 2. c4 g6 3. Nc3 Bg7 4. e4 d6 5. Nge2 O-O 6. Ng3 h5 7. Be2 h4 8. Nf1 b5 9. cxb5 a6 10. bxa6 h3 11. g3 Bxa6 12. Ne3 c5 13. d5 Qa5 14. O-O Bxe2 15. Qxe2 Qa6 16. Qxa6 Nxa6 17. Nc4 Rfb8 18. Bd2 Nb4 19. Rfc1 Ng4 20. Be1 Bh6 21. Rd1 Nc2 22. Rab1 f5 23. exf5 gxf5 24. Bd2 Bg7 25. Be1 f4 26. gxf4 Rb4 27. Rbc1 Nxe1 28. Rxe1 Rxc4 29. Re3 Nxe3 0-1

[Event "Sparkassen-Open A"]
[Site "Heusenstamm, Martinsee"]
[Date "2023.11.26"]
[Round "6.19"]
[White "Buchholz, Maja Patricia"]
[Black "Minor, Samuel"]
[Result "1/2-1/2"]
[WhiteElo "1923"]
[BlackElo "2242"]
[PlyCount "150"]
[EventDate "2023.??.??"]
[WhiteTeam "Wiesbadener SV 1885"]
[BlackTeam "Wiesbadener SV 1885"]

1. c4 Nf6 2. g3 e6 3. Bg2 d5 4. Nf3 dxc4 5. Qa4+ Nbd7 6. Qxc4 c5 7. Qc2 Rb8 8. O-O b6 9. Nc3 Bb7 10. d3 Rc8 11. Bf4 Nh5 12. Bd2 Bd6 13. Ne4 Bb8 14. Bc3 Nhf6 15. Nfd2 Bd5 16. Rac1 O-O 17. Qb1 Ne8 18. Nc4 e5 19. Ne3 Be6 20. b4 f5 21. Nd2 Nef6 22. bxc5 Nxc5 23. Nec4 Nfd7 24. Qa1 Qc7 25. Nxe5 Nxe5 26. d4 Ned7 27. dxc5 Nxc5 28. Rfd1 Rfd8 29. Nf3 Rxd1+ 30. Rxd1 Ne4 31. Be5 Qf7 32. Bxb8 Rxb8 33. a3 Qc7 34. Nd4 Qf7 35. Nxe6 Qxe6 36. Qd4 Rc8 37. Bf3 h6 38. Qd7 Qxd7 39. Rxd7 a5 40. Rd3 Nc3 41. Kf1 b5 42. Bd5+ Kf8 43. Be6 Rc5 44. Bxf5 Nxe2 45. Bg6 Nc3 46. Re3 Rc8 47. Ke1 Nd5 48. Rf3+ Nf6 49. Rf5 Rc1+ 50. Kd2 Ra1 51. Rxb5 Rxa3 52. Kc1 a4 53. Kb2 Rf3 54. Rf5 Rb3+ 55. Ka2 Ke7 56. Rf4 Nd5 57. Rxa4 Rb6 58. Ra7+ Kf6 59. Be8 Nc3+ 60. Ka3 Nb1+ 61. Ka4 Rb8 62. Bf7 Rb2 63. Bb3 Nd2 64. Rf7+ Kg6 65. Rb7 Nxb3 66. Rxb3 Rxf2 67. h3 Rh2 68. h4 Kh5 69. Rb7 g5 70. hxg5 Kxg5 71. Rg7+ Kf6 72. Rg8 Rg2 73. Kb4 Kf7 74. Rg4 h5 75. Rg5 Kf6 1/2-1/2

[Event "Sparkassen-Open A"]
[Site "Heusenstamm, Martinsee"]
[Date "2023.11.26"]
[Round "6.20"]
[White "Lesny, Florian"]
[Black "Wortmann, Klaus-Peter"]
[Result "1-0"]
[WhiteElo "2216"]
[BlackElo "1969"]
[PlyCount "67"]
[EventDate "2023.??.??"]
[WhiteTeam "SK Bad Homburg 1927"]
[BlackTeam "Märkischer Springer Halver-Schal"]

1. e4 c5 2. Nf3 a6 3. c3 d5 4. exd5 Qxd5 5. d4 e6 6. Be3 Nd7 7. g3 Ngf6 8. Bg2 cxd4 9. Bxd4 Bc5 10. O-O Bxd4 11. Nxd4 Qc5 12. Nd2 O-O 13. Qe2 Nb6 14. Rfe1 Rb8 15. N2f3 Bd7 16. Ne5 Be8 17. Rad1 Nfd7 18. Nd3 Qc7 19. Bh3 Nc5 20. Nf4 Bd7 21. Nh5 e5 22. Qxe5 Qxe5 23. Rxe5 Bxh3 24. Rxc5 Na4 25. Rg5 Nxb2 26. Rxg7+ Kh8 27. Re1 Rbc8 28. Nf3 Nd3 29. Ng5 Bf5 30. Re7 Bg6 31. Nxf7+ Rxf7 32. Rgxf7 Bxf7 33. Rxf7 Rxc3 34. Nf6 1-0

[Event "Sparkassen-Open A"]
[Site "Heusenstamm, Martinsee"]
[Date "2023.11.26"]
[Round "6.21"]
[White "Winter, Lars"]
[Black "Foerster-Yialamas, Lucas"]
[Result "1/2-1/2"]
[WhiteElo "1896"]
[BlackElo "2175"]
[PlyCount "65"]
[EventDate "2023.??.??"]
[WhiteTeam "SV 1926 Fechenheim"]
[BlackTeam "Sabt Frankfurter TV 1860"]

1. e4 c5 2. Nf3 d6 3. d4 cxd4 4. Nxd4 Nf6 5. Nc3 a6 6. h3 e5 7. Nb3 b5 8. a4 b4 9. Nd5 Nxd5 10. Qxd5 Ra7 11. Be3 Be6 12. Qa5 Qxa5 13. Nxa5 Rd7 14. Bc4 Be7 15. O-O-O O-O 16. Bd5 Rc8 17. b3 Rdc7 18. Nc4 Nd7 19. Bxe6 fxe6 20. Nxd6 Rxc2+ 21. Kb1 Bxd6 22. Rxd6 Nc5 23. Bxc5 R8xc5 24. Rxa6 R5c3 25. Rb6 Rxf2 26. Rxb4 Rcc2 27. Rd1 Rb2+ 28. Ka1 Ra2+ 29. Kb1 Rfb2+ 30. Kc1 Rxg2 31. Kb1 Rgb2+ 32. Kc1 Re2 33. Kb1 1/2-1/2

[Event "Sparkassen-Open A"]
[Site "Heusenstamm, Martinsee"]
[Date "2023.11.26"]
[Round "6.22"]
[White "Hilzinger, Markus"]
[Black "Gold, Jan Christian"]
[Result "1/2-1/2"]
[WhiteElo "2132"]
[BlackElo "1934"]
[PlyCount "112"]
[EventDate "2023.??.??"]
[WhiteTeam "SC Pforzheim 1906"]
[BlackTeam "SK Bad Homburg 1927"]

1. c4 e5 2. Nc3 Nf6 3. g3 Nc6 4. Bg2 Bc5 5. Nf3 d5 6. cxd5 Nxd5 7. O-O O-O 8. Nxe5 Nxc3 9. bxc3 Nxe5 10. d4 Bd6 11. dxe5 Bxe5 12. Qc2 Qf6 13. Bb2 c6 14. f4 Bd6 15. e4 Qe7 16. c4 f6 17. h3 Be6 18. Kh2 Rad8 19. a4 Bb4 20. Rad1 Rxd1 21. Rxd1 Rd8 22. Rxd8+ Qxd8 23. Bf1 Qd2+ 24. Qxd2 Bxd2 25. Bd4 b6 26. Bd3 c5 27. Bb2 Bd7 28. Bc2 a6 29. e5 fxe5 30. fxe5 Be6 31. Bd3 Bd7 32. Bc2 b5 33. axb5 axb5 34. e6 Be8 35. cxb5 Bxb5 36. Be5 g6 37. Bd6 Be3 38. Be4 Kg7 39. Bd5 Kf6 40. e7 Bd4 41. Kg2 h6 42. Kf3 Bd7 43. g4 g5 44. Ke4 Be8 45. Kd3 Bb5+ 46. Bc4 Bxc4+ 47. Kxc4 Kf7 48. Kd5 Bf6 49. Bxc5 Bxe7 50. Bxe7 Kxe7 51. Ke5 Kf7 52. Kf5 Kg7 53. Ke6 Kg6 54. Ke5 Kf7 55. Kf5 Kg7 56. Ke6 Kg6 1/2-1/2

[Event "Sparkassen-Open A"]
[Site "Heusenstamm, Martinsee"]
[Date "2023.11.26"]
[Round "6.23"]
[White "Schmidt, Markus"]
[Black "Barsov, Vladislav"]
[Result "1-0"]
[WhiteElo "2116"]
[BlackElo "1680"]
[PlyCount "55"]
[EventDate "2023.??.??"]
[WhiteTeam "SK Niederbrechen 1948"]
[BlackTeam "SK Gräfelfing"]

1. Nf3 Nf6 2. c4 g6 3. g3 Bg7 4. Bg2 O-O 5. O-O d6 6. Nc3 Be6 7. Ng5 c6 8. Nxe6 fxe6 9. d4 d5 10. Qb3 Qc7 11. Bf4 Qd7 12. Rad1 Nh5 13. Bc1 Kh8 14. e4 dxe4 15. Be3 Nf6 16. Nxe4 Ng4 17. Nc5 Qd6 18. Qxb7 e5 19. Ne4 Qd8 20. dxe5 Qa5 21. Qxa8 Qa6 22. Qxa7 Qxc4 23. Qd4 Nxe3 24. fxe3 Qxd4 25. Rxf8+ Bxf8 26. Rxd4 Kg7 27. Rd8 Na6 28. Ng5 1-0

[Event "Sparkassen-Open A"]
[Site "Heusenstamm, Martinsee"]
[Date "2023.11.26"]
[Round "6.24"]
[White "Sheng, Ming"]
[Black "Lutze, Max"]
[Result "1-0"]
[WhiteElo "1769"]
[BlackElo "2076"]
[PlyCount "113"]
[EventDate "2023.??.??"]
[WhiteTeam "SC Rochade Saarlouis 1993 e.V."]
[BlackTeam "Märkischer Springer Halver-Schal"]

1. e4 c5 2. Nf3 Nc6 3. Bb5 g6 4. Bxc6 dxc6 5. d3 Bg7 6. O-O e5 7. Be3 b6 8. a4 a5 9. Nbd2 Qc7 10. Nc4 Ne7 11. b4 axb4 12. a5 bxa5 13. Bxc5 O-O 14. Bxb4 a4 15. Bd6 Qd8 16. c3 Bg4 17. h3 Bh5 18. g4 Qd7 19. gxh5 Qxh3 20. Bxe7 Bh6 21. Ng5 Qh4 22. Qf3 Bxg5 23. Bxg5 Qxg5+ 24. Kh2 f5 25. hxg6 fxe4 26. Qg3 Qxg3+ 27. fxg3 Rxf1 28. Rxf1 exd3 29. gxh7+ Kxh7 30. Nxe5 d2 31. Nc4 Rd8 32. Rd1 Rd3 33. Rxd2 Rxc3 34. Nb6 a3 35. Ra2 Kg6 36. Rf2 Rc1 37. Nd7 Rb1 38. Ne5+ Kg5 39. Rg2 Rb2 40. Rxb2 axb2 41. Nf3+ Kf5 42. Nd2 c5 43. Kh3 c4 44. g4+ Kf4 45. Nb1 Ke4 46. g5 Kd3 47. g6 Kc2 48. g7 Kxb1 49. g8=Q c3 50. Qg1+ Kc2 51. Qf2+ Kc1 52. Qf4+ Kc2 53. Qa4+ Kc1 54. Qb3 c2 55. Qe3+ Kb1 56. Qe4 Kc1 57. Qe1# 1-0

[Event "Sparkassen-Open A"]
[Site "Heusenstamm, Martinsee"]
[Date "2023.11.26"]
[Round "6.25"]
[White "Stephanblome, Felix"]
[Black "Hebbering, Tom Elliot"]
[Result "0-1"]
[WhiteElo "1683"]
[BlackElo "2232"]
[PlyCount "44"]
[EventDate "2023.??.??"]
[WhiteTeam "SV 1934 Ffm-Griesheim"]
[BlackTeam "SK 1980 Gernsheim"]

1. e4 c5 2. b3 Nf6 3. e5 Nd5 4. Bb2 g6 5. Bc4 e6 6. Bxd5 exd5 7. d4 d6 8. exd6 Bg7 9. Qe2+ Be6 10. c4 cxd4 11. Qd2 dxc4 12. Bxd4 Bxd4 13. Qxd4 O-O 14. bxc4 Nc6 15. Qf4 Nb4 16. Qd2 Qf6 17. Nc3 Bxc4 18. f3 Rfe8+ 19. Kd1 Rad8 20. Rb1 Rxd6 21. Rxb4 Qxc3 22. Rxc4 Rxd2# 0-1

[Event "Sparkassen-Open A"]
[Site "Heusenstamm, Martinsee"]
[Date "2023.11.26"]
[Round "6.26"]
[White "Klundt, Klaus"]
[Black "Steinle, Carsten"]
[Result "1-0"]
[WhiteElo "2280"]
[BlackElo "1969"]
[PlyCount "139"]
[EventDate "2023.??.??"]
[WhiteTeam "SC Heusenstamm"]
[BlackTeam "SV Ahlen 1954 e. V."]

1. e4 e6 2. d4 d5 3. Nd2 Nf6 4. e5 Nfd7 5. f4 c5 6. c3 b6 7. Ndf3 Be7 8. Bd3 Ba6 9. f5 Bxd3 10. Qxd3 cxd4 11. cxd4 Nc6 12. Ne2 Nb4 13. Qb1 Qc8 14. Nc3 Qc4 15. Be3 Qd3 16. Qxd3 Nxd3+ 17. Ke2 Nxb2 18. Nb5 Rc8 19. Rhc1 Nc4 20. Nxa7 Ra8 21. Nb5 O-O 22. a4 Rfc8 23. fxe6 fxe6 24. Bg5 Bf8 25. Nd2 h6 26. Bf4 Kf7 27. Nxc4 dxc4 28. Bd2 Rc6 29. Bc3 Nb8 30. Rf1+ Kg8 31. Ke3 Na6 32. Ke4 Nc7 33. Nxc7 Rxc7 34. Rfb1 Rc6 35. Rb5 Be7 36. a5 bxa5 37. Rbxa5 Rd8 38. Ra8 Rdc8 39. Rxc8+ Rxc8 40. d5 exd5+ 41. Kxd5 Rc5+ 42. Ke6 Rc7 43. Ra8+ Kh7 44. Re8 Ba3 45. Ra8 Bc5 46. Ra4 Be7 47. Ra6 Bf8 48. Kd5 Be7 49. Ke6 Bf8 50. Ba5 Rb7 51. h4 h5 52. Rc6 Rb2 53. Rxc4 Rxg2 54. Rc8 Ba3 55. Bd8 Kg6 56. Ra8 Bb2 57. Ra2 Rh2 58. Ra5 Re2 59. Rb5 Bc3 60. Rd5 Be1 61. Kd7 Re4 62. e6 Bxh4 63. Bxh4 Rxh4 64. e7 Re4 65. e8=Q+ Rxe8 66. Kxe8 h4 67. Ke7 Kh6 68. Ke6 g5 69. Kf5 Kh5 70. Rd8 1-0

[Event "Sparkassen-Open A"]
[Site "Heusenstamm, Martinsee"]
[Date "2023.11.26"]
[Round "6.27"]
[White "Wuerl, Roland"]
[Black "Euler, Gerd"]
[Result "1/2-1/2"]
[WhiteElo "1974"]
[BlackElo "2236"]
[PlyCount "55"]
[EventDate "2023.??.??"]
[WhiteTeam "SC FK Babenhausen 1994"]
[BlackTeam "SSG Hungen-Lich"]

1. d4 Nf6 2. Nf3 e6 3. c4 b6 4. a3 Ba6 5. Qc2 c5 6. d5 exd5 7. cxd5 g6 8. Nc3 Bg7 9. g3 O-O 10. Bg2 d6 11. O-O Nbd7 12. h3 h6 13. Re1 b5 14. e4 Qb6 15. Be3 Rac8 16. Nd2 Rfe8 17. Bf1 Qb7 18. a4 bxa4 19. Bxa6 Qxa6 20. Rxa4 Qb6 21. Nc4 Qb8 22. Bf4 Bf8 23. Ra6 Nb6 24. Nxb6 axb6 25. Qb3 Qc7 26. Qxb6 Qd7 27. Kg2 Red8 28. Qb5 1/2-1/2

[Event "Sparkassen-Open A"]
[Site "Heusenstamm, Martinsee"]
[Date "2023.11.26"]
[Round "6.28"]
[White "Prill, Daniel"]
[Black "Thomas, Tobias"]
[Result "1-0"]
[WhiteElo "2182"]
[BlackElo "1923"]
[PlyCount "86"]
[EventDate "2023.??.??"]
[WhiteTeam "SC Heitersheim"]
[BlackTeam "SK Langen"]

1. d4 Nf6 2. Nf3 c5 3. e3 g6 4. Be2 Bg7 5. O-O cxd4 6. exd4 O-O 7. c3 d6 8. Re1 Qc7 9. h3 e5 10. Na3 e4 11. Nh2 d5 12. Nf1 a6 13. Ne3 Nc6 14. Nac2 Be6 15. f3 Rad8 16. fxe4 Nxe4 17. Bf3 f5 18. Nf1 Rfe8 19. Qe2 Bf7 20. Bxe4 dxe4 21. Bg5 Rd7 22. Qf2 h6 23. Bf4 Qd8 24. Bd2 Qf6 25. Ng3 b5 26. b3 Qd8 27. Ne2 Ne5 28. Qg3 g5 29. Rf1 Bg6 30. Rad1 Nf7 31. Nb4 Bh5 32. Rde1 Bxe2 33. Rxe2 f4 34. Bxf4 gxf4 35. Rxf4 Qa8 36. Rg4 Nd6 37. Rxg7+ Rxg7 38. Qxd6 a5 39. Nd5 Rd8 40. Qe6+ Kh8 41. Qxh6+ Rh7 42. Qf6+ Rg7 43. Nc7 Rf8 1-0

[Event "Sparkassen-Open A"]
[Site "Heusenstamm, Martinsee"]
[Date "2023.11.26"]
[Round "6.29"]
[White "Meuer, David"]
[Black "Wolf, Dr. Ulrich Martin"]
[Result "0-1"]
[WhiteElo "1988"]
[BlackElo "2203"]
[PlyCount "52"]
[EventDate "2023.??.??"]
[WhiteTeam "SV Turm Lahnstein"]
[BlackTeam "SK Bad Homburg 1927"]

1. e4 c5 2. Nf3 Nc6 3. d4 cxd4 4. Nxd4 e5 5. Nb5 d6 6. c4 Be6 7. N1c3 a6 8. Na3 g6 9. Be3 Bg7 10. Be2 Nf6 11. Qd2 O-O 12. O-O Rc8 13. Nc2 Na5 14. b3 b5 15. Rfd1 bxc4 16. b4 Nc6 17. Qxd6 Nd4 18. Qxd8 Nxe2+ 19. Nxe2 Rfxd8 20. Nc3 Rd3 21. Bd2 Rcd8 22. Be1 Nxe4 23. Ne3 Nxc3 24. Bxc3 f5 25. Rxd3 Rxd3 26. Be1 f4 0-1

[Event "Sparkassen-Open A"]
[Site "Heusenstamm, Martinsee"]
[Date "2023.11.26"]
[Round "6.30"]
[White "Sydykov, Bayastan"]
[Black "Weiss, Matthias"]
[Result "1-0"]
[WhiteElo "2142"]
[BlackElo "1983"]
[PlyCount "51"]
[EventDate "2023.??.??"]
[WhiteTeam "SK 1858 Gießen"]
[BlackTeam "SF Schöneck"]

1. e4 c5 2. Nf3 e6 3. d4 cxd4 4. Nxd4 Nf6 5. Nc3 Nc6 6. Ndb5 Bb4 7. a3 Bxc3+ 8. Nxc3 O-O 9. Bd3 d5 10. exd5 exd5 11. O-O d4 12. Ne2 Qd5 13. Ng3 Bg4 14. f3 Be6 15. f4 Bg4 16. Qe1 Rfe8 17. Qf2 Bd7 18. h3 Rad8 19. b3 Ne7 20. f5 Bb5 21. Bxb5 Qxb5 22. Bg5 Ned5 23. Rfe1 Qb6 24. Ne2 Ne4 25. Bxd8 Rxd8 26. Qxd4 1-0

[Event "Sparkassen-Open A"]
[Site "Heusenstamm, Martinsee"]
[Date "2023.11.26"]
[Round "6.31"]
[White "Hoppstädter, Daniel"]
[Black "Baladjaev, Emin"]
[Result "1-0"]
[WhiteElo "2186"]
[BlackElo "1927"]
[PlyCount "67"]
[EventDate "2023.??.??"]
[WhiteTeam "Lasker Kirkel"]
[BlackTeam "SAbt TuS Dotzheim"]

1. d4 d5 2. c4 e6 3. Nc3 Nf6 4. cxd5 exd5 5. Bg5 Be7 6. e3 Bf5 7. Bxf6 Bxf6 8. Qb3 Qc8 9. Nxd5 Bd8 10. Nf4 O-O 11. Bd3 c5 12. Rc1 Ba5+ 13. Kf1 b6 14. Bxf5 Qxf5 15. Qd5 Qxd5 16. Nxd5 Na6 17. Nf3 cxd4 18. Nxd4 Bb4 19. Ke2 Bc5 20. Rhd1 Rfd8 21. Nc6 Rd6 22. Rxc5 Nxc5 23. Nde7+ Kf8 24. Rxd6 Re8 25. Nf5 g6 26. Nfd4 Kg7 27. f3 a5 28. a3 Na4 29. b3 Nc3+ 30. Kd2 Nb1+ 31. Kc2 Nxa3+ 32. Kb2 b5 33. Kxa3 Rxe3 34. Nxa5 1-0